| 000 | 00585nam a22001817a 4500 | ||
|---|---|---|---|
| 003 | NUST - PNEC | ||
| 005 | 20170116180807.0 | ||
| 008 | 150423b xxu||||| |||| 00| 0 eng d | ||
| 020 | _a0080312101 | ||
| 040 | _cLIBRARY | ||
| 082 | _a355. RUS | ||
| 100 |
_93101 _aRoyal United Services Institute for Defence Studies |
||
| 245 |
_aRoyal United Services Institute & Brassey's Defense Yearbook 1986 _c Royal United Services Institute & Brassey |
||
| 260 |
_aLondon : _bBrassey's, _cc1986. |
||
| 300 | _a381 p. : | ||
| 650 |
_93104 _aMilitary art and science _xGeneral |
||
| 942 |
_2ddc _cBK |
||
| 999 |
_c63249 _d63249 |
||